000 00561nam a2200181Ia 4500
008 151202s9999||||xx |||||||||||||| ||und||
082 _bPNVM-87011
100 _aग्रीन सॅली/अनु-ठाकूर
245 _aहाफबॅड
260 _bसरस्वती
260 _c2015
300 _a311
600 _aग्रीन सॅली/अनु-ठाकूर
630 _aहाफबॅड
700 _aग्रीन सॅली/अनु-ठाकूर
730 _aहाफबॅड
942 _cBOOK
999 _c1350661
_d1350658